LEADER 01114cam2-2200361---450- 001 990003680940203316 005 20120730130705.0 035 $a000368094 035 $aUSA01000368094 035 $a(ALEPH)000368094USA01 035 $a000368094 100 $a20120726d1966----km-y0itay50------ba 101 0 $aita 102 $aIT 105 $aaf||z|||001yy 200 1 $aLazio$fRoberto Almagią 210 $aTorino$cUnione tipografico-editrice torinese$d1966 215 $aXVIII, 750 p., [9] c. di tav.$cill.$d29 cm 225 2 $a<> regioni d'Italia$v11 410 0$1001000368069$12001$a<> regioni d'Italia$v, 11 607 $aLazio$2BNCF 676 $a914.562 700 1$aALMAGIĄ,$bRoberto$04190 801 0$aIT$bsalbc$gISBD 912 $a990003680940203316 951 $aIII.1. 3656 11(I C Coll. 2/11)$b20849 L.M.$cIII.1.$d00312567 951 $aIII.1. 3656 11a(Coll. GN 11)$b28169 E.C.$cIII.1.$d00312568 959 $aBK 969 $aUMA 979 $aANNAMARIA$b90$c20120726$lUSA01$h0842 979 $aANNAMARIA$b90$c20120730$lUSA01$h1307 996 $aLazio$9326528 997 $aUNISA LEADER 01318oam 2200397zu 450 001 996204199903316 005 20210807004605.0 035 $a(CKB)3420000000000736 035 $a(SSID)ssj0000778362 035 $a(PQKBManifestationID)12351801 035 $a(PQKBTitleCode)TC0000778362 035 $a(PQKBWorkID)10763888 035 $a(PQKB)10776603 035 $a(NjHacI)993420000000000736 035 $a(EXLCZ)993420000000000736 100 $a20160829d2012 uy 101 0 $aeng 135 $aur||||||||||| 181 $ctxt 182 $cc 183 $acr 200 10$a2012 First International Workshop on Usability and Accessibility Focused Requirements Engineering (UsARE) 210 31$a[Place of publication not identified]$cIEEE$d2012 215 $a1 online resource (10 pages) 300 $aBibliographic Level Mode of Issuance: Monograph 311 $a1-4673-1845-0 320 $aIncludes bibliographical references and index. 606 $aSoftware architecture$vCongresses 615 0$aSoftware architecture 676 $a005 702 $aIEEE Staff 801 0$bPQKB 906 $aPROCEEDING 912 $a996204199903316 996 $a2012 First International Workshop on Usability and Accessibility Focused Requirements Engineering (UsARE)$92524660 997 $aUNISA